=LDR 00000nam 2200000 4500 =001 INLIS000000000056782 =005 20201005102105 =035 ##$$a 0010-0920000413 =007 ta =008 201005################g##########0#ind## =020 ##$$a 979-95234-3-7 =082 ##$$a 306 =084 ##$$a 306 CER c =245 ##$$a Cerlang budaya : $b Gelar karya untuk Edi Sedyawati /$c Penyunting, Rahayu S. Hidayat =260 ##$$a Depok :$b Pusat Penelitian Kemasyarakatan dan Kebudayaan,$c 1999 =300 ##$$a 407 hlm. : $b ilus. ; $c 20 x 16 cm. =700 #$$a Hidayat, Rahayu S. =600 #4$$a Kebudayaan =990 ##$$a 166.527/Hd-2001